000 00351pab a2200145 454500
008 180718b2013 xxu||||| |||| 00| 0 eng d
100 _aHembruff, Jesse
245 _aCritical review: The politics of sovereign debt
260 _c2013
300 _ap.710-725.
650 _aDebts
773 _aThird World Quarterly
908 _aN
909 _a99794
999 _c99793
_d99793